[Event "Cali Masificacion op U2050"]
[Site "Cali"]
[Date "2021.12.29"]
[Round "7"]
[White "Guelgua, Alvaro"]
[Black "Ceron, Edgar Ivan"]
[Result "1-0"]
[WhiteElo "2031"]
[BlackElo "2022"]
[PlyCount "51"]
[EventDate "2021.12.26"]
[EventType "swiss"]
[EventRounds "7"]
[EventCountry "COL"]
[SourceTitle "CBM 205 Extra"]
[Source "ChessBase"]
[SourceDate "2022.01.31"]
[SourceVersion "1"]
[SourceVersionDate "2022.01.31"]
[SourceQuality "1"]

1. e4 d5 2. exd5 c6 3. dxc6 Nxc6 4. Nc3 e5 5. Bc4 Bc5 6. d3 Nf6 7. Nf3 Bg4 8. h3 Bh5 9. g4 Bg6 10. Be3 Bxe3 11. fxe3 Qb6 12. Qd2 0-0-0 13. 0-0-0 e4 14. Nh4 Ne5 15. Na4 Qc6 16. Nxg6 hxg6 17. Qc3 Nxc4 18. Qxc4 Qxc4 19. dxc4 Rxd1+ 20. Kxd1 Nxg4 21. Ke2 f5 22. Nc3 Kc7 23. Nd5+ Kd6 24. Rd1 Ne5 25. b4 Nxc4 26. Nb6+ 1-0

[Event "Cali Masificacion op U2050"]
[Site "Cali"]
[Date "2021.12.28"]
[Round "5"]
[White "Valderrama Castano, Julian Camilo"]
[Black "Ceron, Edgar Ivan"]
[Result "0-1"]
[WhiteElo "1958"]
[BlackElo "2022"]
[PlyCount "38"]
[EventDate "2021.12.26"]
[EventType "swiss"]
[EventRounds "7"]
[EventCountry "COL"]
[SourceTitle "CBM 205 Extra"]
[Source "ChessBase"]
[SourceDate "2022.01.31"]
[SourceVersion "1"]
[SourceVersionDate "2022.01.31"]
[SourceQuality "1"]

1. e4 e6 2. d4 d5 3. Nc3 Nf6 4. Bg5 dxe4 5. Nxe4 Be7 6. Bxf6 Bxf6 7. Nf3 0-0 8. c3 b6 9. Bd3 Bb7 10. Qe2 Nd7 11. 0-0-0 Qe7 12. g4 g6 13. Rhg1 c5 14. h4 cxd4 15. g5 Bg7 16. cxd4 e5 17. Ned2 Qe6 18. Bb5 Qxa2 19. Bxd7 Rfc8+ 0-1

[Event "COL-ch"]
[Site "Palmira"]
[Date "2017.05.20"]
[Round "9"]
[White "Ceron, Edgar Ivan"]
[Black "Duque, Milton Antonio"]
[Result "1-0"]
[WhiteElo "2033"]
[BlackElo "1909"]
[PlyCount "67"]
[EventDate "2017.05.15"]
[EventType "swiss"]
[EventRounds "10"]
[EventCountry "COL"]
[SourceTitle "CBM 178 Extra"]
[Source "ChessBase"]
[SourceDate "2017.06.22"]
[SourceVersion "1"]
[SourceVersionDate "2017.06.22"]
[SourceQuality "1"]

1. e4 c6 2. d4 d5 3. Nc3 dxe4 4. f3 exf3 5. Nxf3 Nf6 6. Bc4 h6 7. 0-0 e6 8. Qe2 Be7 9. Bf4 Na6 10. Rad1 Nb4 11. Ne5 Nbd5 12. Bg3 0-0 13. Bd3 Nb4 14. Bc4 Bd7 15. a3 Nbd5 16. Ne4 Rc8 17. Bd3 g6 18. c4 Nxe4 19. Qxe4 Nf6 20. Rxf6 Bxf6 21. Nxg6 Bxd4+ 22. Qxd4 fxg6 23. Be4 Rf7 24. Bxg6 Rg7 25. Be4 Qg5 26. Bf4 Qh5 27. Bf3 Qg6 28. Be4 c5 29. Qe5 Qg4 30. Bf3 Qg6 31. Be4 Qg4 32. Rd3 Rf8 33. Bxh6 Rff7 34. Bxg7 1-0

[Event "COL-ch"]
[Site "Palmira"]
[Date "2017.05.18"]
[Round "6"]
[White "Blandon Villa, Diego F"]
[Black "Ceron, Edgar Ivan"]
[Result "1-0"]
[WhiteElo "2263"]
[BlackElo "2033"]
[PlyCount "35"]
[EventDate "2017.05.15"]
[EventType "swiss"]
[EventRounds "10"]
[EventCountry "COL"]
[SourceTitle "CBM 178 Extra"]
[Source "ChessBase"]
[SourceDate "2017.06.22"]
[SourceVersion "1"]
[SourceVersionDate "2017.06.22"]
[SourceQuality "1"]

1. e4 e6 2. d4 d5 3. Nd2 Nf6 4. e5 Nfd7 5. f4 c5 6. c3 Nc6 7. Ne2 f6 8. Nf3 cxd4 9. cxd4 Be7 10. Be3 0-0 11. Nc3 fxe5 12. fxe5 Qb6 13. Qd2 Bb4 14. Bd3 Rd8 15. 0-0 Ndxe5 16. dxe5 d4 17. Bxh7+ Kxh7 18. Ng5+ 1-0

[Event "Cali Region-ch"]
[Site "Cali"]
[Date "2017.04.28"]
[Round "1"]
[White "Ceron, Edgar Ivan"]
[Black "Franco, Jhonier"]
[Result "1-0"]
[WhiteElo "2033"]
[BlackElo "1658"]
[PlyCount "34"]
[EventDate "2017.04.28"]
[EventType "swiss"]
[EventRounds "7"]
[EventCountry "COL"]
[SourceTitle "CBM 178 Extra"]
[Source "ChessBase"]
[SourceDate "2017.06.22"]
[SourceVersion "1"]
[SourceVersionDate "2017.06.22"]
[SourceQuality "1"]

1. d4 d6 2. c4 Nf6 3. g3 Bf5 4. Bg2 c6 5. Nc3 Nbd7 6. Nf3 Qc7 7. 0-0 e6 8. Re1 Bg6 9. e4 0-0-0 10. Qa4 e5 11. b4 Be7 12. dxe5 dxe5 13. Be3 b6 14. Nh4 Ng4 15. Nf5 Bf6 16. Rad1 Nxe3 17. Rxe3 Nb8 1-0

[Event "Bogota Students-ch 22th"]
[Site "Bogota"]
[Date "2013.11.03"]
[Round "2"]
[White "Elias Alvarez, Alfonso Jose"]
[Black "Ceron, Edgar Ivan"]
[Result "1/2-1/2"]
[WhiteElo "2040"]
[BlackElo "2031"]
[PlyCount "62"]
[EventDate "2013.11.03"]
[EventType "swiss"]
[EventRounds "6"]
[EventCountry "COL"]
[SourceTitle "EXT 2014"]
[Source "ChessBase"]
[SourceDate "2013.11.20"]
[SourceVersion "1"]
[SourceVersionDate "2013.11.20"]
[SourceQuality "1"]

1. e4 e6 2. d4 d5 3. Nc3 Nf6 4. Bg5 dxe4 5. Nxe4 Be7 6. Bxf6 Bxf6 7. Nf3 b6 8. Bd3 Bb7 9. 0-0 0-0 10. c3 Nd7 11. Qe2 Qe7 12. Rad1 c5 13. dxc5 Nxc5 14. Nxc5 Qxc5 15. Be4 Bxe4 16. Qxe4 Rad8 17. g3 Rd6 18. Qa4 a5 19. Rxd6 Qxd6 20. Rd1 Qc7 21. Rd7 Qc5 22. Nd2 Rd8 23. Rxd8+ Bxd8 24. Qe8+ Qf8 25. Qc6 Qc5 26. Qxc5 bxc5 27. Kf1 Kf8 28. Ne4 Be7 29. Ke2 Ke8 30. Kd3 Kd7 31. Kc4 Kc6 1/2-1/2

[Event "Bucaramanga Juegos Uni"]
[Site "Bucaramanga"]
[Date "2010.10.23"]
[Round "3.1"]
[White "Cupaban Bautista, Sergio Alejandro"]
[Black "Ceron, Edgar Ivan"]
[Result "0-1"]
[WhiteElo "2003"]
[BlackElo "2038"]
[PlyCount "38"]
[EventDate "2010.10.22"]
[EventType "swiss"]
[EventRounds "7"]
[EventCountry "COL"]
[SourceTitle "EXT 2024"]
[Source "ChessBase"]
[SourceDate "2023.10.10"]
[SourceVersion "1"]
[SourceVersionDate "2023.10.10"]
[SourceQuality "1"]

1. e4 e6 2. d4 d5 3. Bd3 Nf6 4. exd5 exd5 5. Ne2 Bd6 6. Bg5 c6 7. Nbc3 Be6 8. Qd2 h6 9. Bh4 Nbd7 10. f4 Bg4 11. h3 Bxe2 12. Qxe2+ Qe7 13. Qxe7+ Kxe7 14. 0-0 Rae8 15. Rae1+ Kd8 16. Rxe8+ Rxe8 17. f5 Kc7 18. Re1 Bf4 19. Rxe8 Nxe8 0-1

[Event "Bucaramanga Juegos Uni"]
[Site "Bucaramanga"]
[Date "2010.10.22"]
[Round "2.1"]
[White "Ceron, Edgar Ivan"]
[Black "Gomez, Andres Felipe"]
[Result "0-1"]
[WhiteElo "2038"]
[BlackElo "2003"]
[PlyCount "74"]
[EventDate "2010.10.22"]
[EventType "swiss"]
[EventRounds "7"]
[EventCountry "COL"]
[SourceTitle "EXT 2024"]
[Source "ChessBase"]
[SourceDate "2023.10.10"]
[SourceVersion "1"]
[SourceVersionDate "2023.10.10"]
[SourceQuality "1"]

1. e4 e5 2. d4 exd4 3. c3 dxc3 4. Nxc3 Nc6 5. Bc4 Bb4 6. Nf3 Nf6 7. e5 d5 8. exf6 dxc4 9. Qe2+ Be6 10. fxg7 Rg8 11. Bg5 Qd3 12. Qxd3 cxd3 13. Bf6 Ne7 14. 0-0-0 Bxc3 15. Bxc3 Nd5 16. Rxd3 Nxc3 17. Rxc3 0-0-0 18. Rd1 Rxd1+ 19. Kxd1 Rxg7 20. g3 Bxa2 21. b3 Bb1 22. Nd4 Rg5 23. Kc1 Bg6 24. f4 Rd5 25. Nf3 f6 26. g4 a5 27. Nd2 f5 28. g5 Rd4 29. Rf3 b5 30. Nb1 Kb7 31. Nc3 Kc6 32. Ne2 Re4 33. Kd2 b4 34. h4 Bh5 35. Re3 Bxe2 36. Rxe4 fxe4 37. Kxe2 Kd5 0-1

[Event "Colombia Mire Lea Florida Cup"]
[Site "Colombia"]
[Date "2010.10.17"]
[Round "4.8"]
[White "Bonilla, Julio Cesar"]
[Black "Ceron, Edgar Ivan"]
[Result "0-1"]
[WhiteElo "1600"]
[BlackElo "2038"]
[PlyCount "40"]
[EventDate "2010.10.16"]
[EventType "swiss"]
[EventRounds "7"]
[EventCountry "COL"]
[SourceTitle "EXT 2024"]
[Source "ChessBase"]
[SourceDate "2023.10.10"]
[SourceVersion "1"]
[SourceVersionDate "2023.10.10"]
[SourceQuality "1"]

1. d4 d5 2. Nc3 Nf6 3. Nf3 c6 4. Bf4 Bf5 5. Ne5 e6 6. f3 Nbd7 7. g4 Bg6 8. h4 h5 9. g5 Nxe5 10. gxf6 Nc4 11. Rb1 Qxf6 12. Bg5 Bd6 13. Rg1 Qf5 14. Qd3 Qxg5 15. Rxg5 Bxd3 16. exd3 Ne3 17. Rxg7 Nxc2+ 18. Kd2 Nxd4 19. Bg2 Kf8 20. Rg5 Bf4+ 0-1

[Event "Pan American-ch U20"]
[Site "Cali"]
[Date "2010.05.21"]
[Round "3"]
[White "Herrera, Juan Sebastian"]
[Black "Ceron, Edgar Ivan"]
[Result "1-0"]
[WhiteElo "2115"]
[BlackElo "2019"]
[PlyCount "61"]
[EventDate "2010.05.20"]
[EventType "swiss"]
[EventRounds "9"]
[EventCountry "COL"]
[SourceTitle "CBM 136 Extra"]
[Source "ChessBase"]
[SourceDate "2010.07.02"]
[SourceVersion "2"]
[SourceVersionDate "2010.07.15"]
[SourceQuality "1"]

1. e4 e6 2. d4 d5 3. Nd2 c5 4. Ngf3 cxd4 5. exd5 Qxd5 6. Bc4 Qd6 7. 0-0 Nf6 8. Nb3 Nc6 9. Nbxd4 Nxd4 10. Qxd4 Bd7 11. Be3 Rc8 12. Qh4 Qc7 13. Bb3 Bd6 14. Rad1 a6 15. Rfe1 h6 16. Bd4 Be7 17. Ne5 g5 18. Qh3 Rd8 19. Nxf7 Kxf7 20. Bxe6+ Bxe6 21. Qxe6+ Kg6 22. Qxe7 Qxe7 23. Rxe7 Rhe8 24. Rxe8 Nxe8 25. Rd2 Kf5 26. f3 Nc7 27. Bc3 Nd5 28. Ba5 Rd7 29. c4 Nb6 30. b3 Rxd2 31. Bxd2 1-0

[Event "Pan American-ch U20"]
[Site "Cali"]
[Date "2010.05.21"]
[Round "2"]
[White "Parra Meza, Brayan"]
[Black "Ceron, Edgar Ivan"]
[Result "0-1"]
[WhiteElo "1807"]
[BlackElo "2019"]
[PlyCount "68"]
[EventDate "2010.05.20"]
[EventType "swiss"]
[EventRounds "9"]
[EventCountry "COL"]
[SourceTitle "CBM 136 Extra"]
[Source "ChessBase"]
[SourceDate "2010.07.02"]
[SourceVersion "2"]
[SourceVersionDate "2010.07.15"]
[SourceQuality "1"]

1. e4 e6 2. d4 d5 3. Nd2 Nf6 4. Bd3 c5 5. e5 Nfd7 6. c3 Nc6 7. Ne2 cxd4 8. cxd4 f6 9. exf6 Nxf6 10. 0-0 Bd6 11. Nf3 0-0 12. Bg5 Qc7 13. Qc2 h6 14. Bh4 Bd7 15. Bg6 Be8 16. Rac1 Bxg6 17. Qxg6 Qf7 18. Qxf7+ Rxf7 19. Bg3 Ne4 20. Bxd6 Nxd6 21. Ng3 Nb5 22. Ne2 g5 23. h3 Nd6 24. a3 Nc4 25. Rc2 Kg7 26. Re1 Raf8 27. Ng3 Re7 28. Kf1 Kg6 29. Ne5+ N6xe5 30. dxe5 Ref7 31. Rce2 h5 32. Kg1 Rf4 33. Rd1 h4 34. Nf1 R8f5 0-1

[Event "Valle Region-ch U20 Absoluto"]
[Site "Cali"]
[Date "2010.03.05"]
[Round "2"]
[White "Ceron, Edgar Ivan"]
[Black "Rios, Cristhian Camilo"]
[Result "0-1"]
[WhiteElo "2001"]
[BlackElo "2248"]
[PlyCount "50"]
[EventDate "2010.03.05"]
[EventType "swiss"]
[EventRounds "7"]
[EventCountry "COL"]
[SourceTitle "EXT 2024"]
[Source "ChessBase"]
[SourceDate "2023.10.10"]
[SourceVersion "1"]
[SourceVersionDate "2023.10.10"]
[SourceQuality "1"]

1. d4 Nf6 2. c4 g6 3. Nf3 Bg7 4. g3 d6 5. Bg2 0-0 6. 0-0 Bg4 7. h3 Bxf3 8. Bxf3 Nc6 9. Nc3 Nd7 10. Bxc6 bxc6 11. e4 e5 12. d5 c5 13. Be3 f5 14. f4 fxe4 15. Nxe4 exf4 16. Bxf4 Bxb2 17. Rb1 Bd4+ 18. Kh2 Be5 19. Ng5 Bxf4 20. gxf4 Qf6 21. Ne6 Rfb8 22. Qa4 Nf8 23. Rbe1 Rb2+ 24. Kh1 Qc3 25. Ng5 Qg3 0-1

[Event "Cali Menor 2100 op 11th"]
[Site "Cali"]
[Date "2009.12.27"]
[Round "3.1"]
[White "Ceron, Edgar Ivan"]
[Black "Vargas, Mauricio"]
[Result "1-0"]
[WhiteElo "2001"]
[BlackElo "1963"]
[PlyCount "53"]
[EventDate "2009.12.26"]
[EventType "swiss"]
[EventRounds "8"]
[EventCountry "COL"]
[SourceTitle "EXT 2024"]
[Source "ChessBase"]
[SourceDate "2023.10.10"]
[SourceVersion "1"]
[SourceVersionDate "2023.10.10"]
[SourceQuality "1"]

1. d4 Nf6 2. c4 e5 3. dxe5 Ng4 4. Nf3 Bc5 5. e3 Nc6 6. Nc3 Ngxe5 7. Be2 a5 8. 0-0 Nxf3+ 9. Bxf3 Ne5 10. b3 0-0 11. Bb2 Nxf3+ 12. Qxf3 Ra6 13. Nd5 Rg6 14. Rad1 d6 15. h3 Qh4 16. Bd4 c6 17. Nf4 Rh6 18. Ne2 g5 19. Qg3 Qh5 20. Nf4 Qh4 21. Qxh4 Rxh4 22. Bf6 h6 23. Kh2 a4 24. g3 gxf4 25. Bxh4 fxe3 26. fxe3 Re8 27. Rf3 1-0

[Event "Cali Menor 2100 op 11th"]
[Site "Cali"]
[Date "2009.12.27"]
[Round "2.1"]
[White "Chavez, Diana Maria"]
[Black "Ceron, Edgar Ivan"]
[Result "0-1"]
[WhiteElo "1848"]
[BlackElo "2001"]
[PlyCount "20"]
[EventDate "2009.12.26"]
[EventType "swiss"]
[EventRounds "8"]
[EventCountry "COL"]
[SourceTitle "EXT 2024"]
[Source "ChessBase"]
[SourceDate "2023.10.10"]
[SourceVersion "1"]
[SourceVersionDate "2023.10.10"]
[SourceQuality "1"]

1. d4 d5 2. c4 c6 3. Nc3 Nf6 4. Nf3 e6 5. Bg5 dxc4 6. a4 h6 7. Bh4 Bb4 8. Qc2 g5 9. Bg3 Qa5 10. Nd2 b5 0-1

[Event "COL-ch U20"]
[Site "Bogota"]
[Date "2009.04.03"]
[Round "7.9"]
[White "Ceron, Edgar Ivan"]
[Black "Moran, Daniel Stiven"]
[Result "1/2-1/2"]
[WhiteElo "2006"]
[BlackElo "2044"]
[PlyCount "68"]
[EventDate "2009.04.03"]
[EventType "swiss"]
[EventRounds "7"]
[EventCountry "COL"]
[SourceTitle "EXT 2024"]
[Source "ChessBase"]
[SourceDate "2023.10.10"]
[SourceVersion "1"]
[SourceVersionDate "2023.10.10"]
[SourceQuality "1"]

1. d4 c5 2. Nf3 b6 3. c4 Bb7 4. e3 d6 5. Be2 Nd7 6. 0-0 Ngf6 7. b3 g6 8. Bb2 Bg7 9. Nbd2 0-0 10. a3 Ne4 11. Qc2 Ndf6 12. d5 Nxd2 13. Nxd2 Bc8 14. Rad1 Bg4 15. f3 Bf5 16. e4 Bd7 17. e5 dxe5 18. Bxe5 Ne8 19. f4 Nd6 20. Qc3 f6 21. Bxd6 exd6 22. Bd3 f5 23. Qc2 Qf6 24. Nf3 h6 25. Qd2 Rfe8 26. Rde1 Qb2 27. Qxb2 Bxb2 28. a4 Kf7 29. Kf2 Rxe1 30. Rxe1 Re8 31. Rxe8 Bxe8 32. h4 Kf6 33. g3 Bc1 34. Bc2 Ba3 1/2-1/2

[Event "COL-ch U20"]
[Site "Bogota"]
[Date "2009.04.03"]
[Round "1.3"]
[White "Rios, Cristhian Camilo"]
[Black "Ceron, Edgar Ivan"]
[Result "1-0"]
[WhiteElo "2204"]
[BlackElo "2006"]
[PlyCount "59"]
[EventDate "2009.04.03"]
[EventType "swiss"]
[EventRounds "7"]
[EventCountry "COL"]
[SourceTitle "EXT 2024"]
[Source "ChessBase"]
[SourceDate "2023.10.10"]
[SourceVersion "1"]
[SourceVersionDate "2023.10.10"]
[SourceQuality "1"]

1. e4 e6 2. d4 d5 3. Nc3 Bb4 4. e5 c5 5. Bd2 Ne7 6. Nb5 Bxd2+ 7. Qxd2 0-0 8. f4 cxd4 9. Nf3 a6 10. Nd6 f6 11. Bd3 Nbc6 12. 0-0 Qb6 13. Qf2 Nb4 14. Qxd4 Qa5 15. exf6 Rxf6 16. Ne8 Rf7 17. Ng5 Nxd3 18. Nxf7 Nf5 19. Nh6+ gxh6 20. Qxd3 Qc5+ 21. Kh1 Kf7 22. Rae1 Bd7 23. g4 Bb5 24. Qh3 Bxf1 25. Qh5+ Kf8 26. gxf5 Qf2 27. Qxh6+ Kxe8 28. Rxe6+ Kd8 29. Qf8+ Kc7 30. Qd6+ 1-0

[Event "Yumbo Mayor qual"]
[Site "Yumbo"]
[Date "2009.03.06"]
[Round "2"]
[White "Ceron, Edgar Ivan"]
[Black "Renteria, Rolando"]
[Result "1-0"]
[WhiteElo "2003"]
[BlackElo "2209"]
[PlyCount "83"]
[EventDate "2009.03.05"]
[EventType "swiss"]
[EventRounds "7"]
[EventCountry "COL"]
[SourceTitle "EXT 2011"]
[Source "ChessBase"]
[SourceDate "2010.11.26"]
[SourceVersion "1"]
[SourceVersionDate "2010.11.26"]
[SourceQuality "1"]

1. d4 d6 2. Nf3 Nd7 3. g3 e5 4. e4 Ngf6 5. Nbd2 Be7 6. Bg2 c6 7. 0-0 Qc7 8. c4 0-0 9. b3 b5 10. cxb5 cxb5 11. Bb2 Bb7 12. Qe2 a6 13. Rac1 Qb8 14. Ne1 Re8 15. Nd3 Bd8 16. d5 Bb6 17. g4 Nf8 18. g5 N6d7 19. b4 a5 20. a3 axb4 21. axb4 Ra4 22. h4 Ng6 23. h5 Ngf8 24. Kh2 f6 25. Nf3 Qd8 26. h6 fxg5 27. hxg7 Ng6 28. Bh3 Kxg7 29. Rg1 h6 30. Bf5 Nf6 31. Nxg5 hxg5 32. Rxg5 Rh8+ 33. Kg2 Rh6 34. Rh1 Nxe4 35. Rg4 Ng5 36. Bxg6 Rxh1 37. Kxh1 Qh8+ 38. Kg1 Kxg6 39. Qe4+ Kf7 40. Rxg5 Qh6 41. Qf5+ Ke7 42. Rg6 1-0

[Event "Yumbo Mayor qual"]
[Site "Yumbo"]
[Date "2009.03.06"]
[Round "3"]
[White "Rios, Cristhian Camilo"]
[Black "Ceron, Edgar Ivan"]
[Result "1-0"]
[WhiteElo "2176"]
[BlackElo "2003"]
[PlyCount "67"]
[EventDate "2009.03.05"]
[EventType "swiss"]
[EventRounds "7"]
[EventCountry "COL"]
[SourceTitle "EXT 2011"]
[Source "ChessBase"]
[SourceDate "2010.11.26"]
[SourceVersion "1"]
[SourceVersionDate "2010.11.26"]
[SourceQuality "1"]

1. e4 e6 2. d4 d5 3. Nc3 Bb4 4. e5 c5 5. Bd2 Ne7 6. Nb5 Bxd2+ 7. Qxd2 0-0 8. f4 Nbc6 9. Nf3 Nxd4 10. Nfxd4 cxd4 11. Bd3 Bd7 12. Nd6 Qb6 13. 0-0-0 Nc8 14. Nxc8 Rfxc8 15. g4 Bb5 16. f5 Bxd3 17. Qxd3 Rc4 18. Kb1 Rac8 19. Rc1 a5 20. f6 Rb4 21. b3 a4 22. Qd2 Qc5 23. Rhd1 a3 24. Qg5 g6 25. Rd3 Qf8 26. Qd2 Kh8 27. c3 Rb6 28. cxd4 Rxc1+ 29. Qxc1 Rc6 30. Rc3 Qc8 31. Rxc6 bxc6 32. Qh6 Qg8 33. h4 g5 34. h5 1-0

[Event "Manizales op 21st"]
[Site "Manizales"]
[Date "2009.01.10"]
[Round "4"]
[White "Ceron, Edgar Ivan"]
[Black "Grajales, Rubiel"]
[Result "1/2-1/2"]
[WhiteElo "2003"]
[BlackElo "1887"]
[PlyCount "36"]
[EventDate "2009.01.08"]
[EventType "swiss"]
[EventRounds "7"]
[EventCountry "COL"]
[SourceTitle "CBM 128 Extra"]
[Source "ChessBase"]
[SourceDate "2009.03.05"]
[SourceVersion "2"]
[SourceVersionDate "2009.03.25"]
[SourceQuality "1"]

1. e4 e6 2. Nf3 d5 3. e5 b6 4. d4 Qd7 5. c3 c5 6. Bd3 Ba6 7. 0-0 Bxd3 8. Qxd3 Nc6 9. a3 Nge7 10. h4 h5 11. Ng5 Nf5 12. Nf3 Be7 13. g3 Rc8 14. b4 cxd4 15. cxd4 Qb7 16. Nbd2 0-0 17. Nb3 Rc7 18. Bf4 Rfc8 1/2-1/2

[Event "Cali op-B"]
[Site "Cali"]
[Date "2008.12.28"]
[Round "5"]
[White "Garcia, John Jaime"]
[Black "Ceron, Edgar Ivan"]
[Result "1-0"]
[WhiteElo "2072"]
[BlackElo "1978"]
[PlyCount "51"]
[EventDate "2008.12.26"]
[EventType "swiss"]
[EventRounds "9"]
[EventCountry "COL"]
[SourceTitle "EXT 2011"]
[Source "ChessBase"]
[SourceDate "2010.11.26"]
[SourceVersion "1"]
[SourceVersionDate "2010.11.26"]
[SourceQuality "1"]

1. e4 e6 2. d3 d5 3. Nd2 Nf6 4. g3 c5 5. Bg2 Be7 6. Ngf3 Nc6 7. 0-0 b5 8. Re1 a5 9. h4 Bb7 10. e5 Nd7 11. c3 c4 12. d4 b4 13. Nf1 h6 14. h5 Qb6 15. N3h2 0-0-0 16. f4 Rde8 17. Be3 f5 18. b3 Ba6 19. bxc4 Bxc4 20. Nd2 Bd3 21. Rc1 Kd8 22. c4 Be4 23. Nxe4 fxe4 24. cxd5 exd5 25. Qb3 Qb5 26. a4 1-0

[Event "COL-ch U20"]
[Site "Bogota"]
[Date "2008.05.24"]
[Round "3.2"]
[White "Sanchez, Sebastian Felipe"]
[Black "Ceron, Edgar Ivan"]
[Result "1-0"]
[WhiteElo "2152"]
[BlackElo "2003"]
[PlyCount "105"]
[EventDate "2008.05.23"]
[EventType "swiss"]
[EventRounds "7"]
[EventCountry "COL"]
[SourceTitle "EXT 2024"]
[Source "ChessBase"]
[SourceDate "2023.10.10"]
[SourceVersion "1"]
[SourceVersionDate "2023.10.10"]
[SourceQuality "1"]

1. e4 e6 2. d4 d5 3. Nd2 c5 4. Ngf3 cxd4 5. exd5 Qxd5 6. Bc4 Qd6 7. 0-0 Nf6 8. Nb3 Nc6 9. Re1 a6 10. Nfxd4 Nxd4 11. Nxd4 Qc7 12. Bd3 Bd6 13. Nf3 h6 14. c4 Bd7 15. Bd2 Bc6 16. Bc3 Rd8 17. Ne5 Bc5 18. Qc2 Bd4 19. Rad1 Bxc3 20. Qxc3 0-0 21. Nxc6 Qxc6 22. Qa5 b6 23. Qb4 Qc5 24. Qxc5 bxc5 25. Re5 Rd4 26. Kf1 Nd7 27. Re3 Rb8 28. b3 Kf8 29. Ke2 a5 30. Bc2 Rxd1 31. Kxd1 Ke7 32. Kd2 Rd8 33. Kc3 f6 34. f4 Nb8 35. Be4 Kd6 36. h4 Na6 37. a3 Kc7 38. Bg6 Rd6 39. Bf7 Kd7 40. Rg3 Ke7 41. Rxg7 Kf8 42. Rh7 Rd7 43. Bg6 Rxh7 44. Bxh7 f5 45. Bg6 Ke7 46. Bh5 Kf6 47. Bf3 e5 48. fxe5+ Kxe5 49. Bb7 Nc7 50. b4 axb4+ 51. axb4 cxb4+ 52. Kxb4 Kf4 53. Bf3 1-0

[Event "COL-ch U20"]
[Site "Bogota"]
[Date "2008.05.23"]
[Round "1.1"]
[White "Guerrero Sierra, Juan Carlos"]
[Black "Ceron, Edgar Ivan"]
[Result "0-1"]
[WhiteElo "2232"]
[BlackElo "2003"]
[PlyCount "23"]
[EventDate "2008.05.23"]
[EventType "swiss"]
[EventRounds "7"]
[EventCountry "COL"]
[SourceTitle "EXT 2024"]
[Source "ChessBase"]
[SourceDate "2023.10.10"]
[SourceVersion "1"]
[SourceVersionDate "2023.10.10"]
[SourceQuality "1"]

1. d4 d5 2. c4 e6 3. Nf3 Nf6 4. Qc2 c6 5. g3 Bd6 6. Bg2 dxc4 7. Qxc4 Nbd7 8. 0-0 0-0 9. Rd1 Qc7 10. Nc3 b5 11. Qd3 b4 12. Na4 0-1